000 00295nam a22001337a 4500
008 170608b xxu||||| |||| 00| 0 eng d
020 _a9780759391765
041 _aeng
080 _22ND
_a328
100 _a18
101 _aSHP
245 _aAMERICAN GOVERNMENT
_cKERBEL,M.R
942 _2udc
_cBK
999 _c16514
_d16514